[Event "RN-2012-0-00539"]
[Site "LSS email"]
[Date "2012.10.01"]
[Round "?"]
[White "Camps, Jean Pierre"]
[Black "Rodrigues, Eduardo Hercos"]
[Result "1-0"]
[WhiteElo "1389"]
[BlackElo "942"]
[PlyCount "45"]
[EventDate "2012.09.21"]
[EventType "tourn (corr)"]
[EventRounds "6"]
[EventCountry "GER"]
[SourceTitle "Telechess CBM 165"]
[Source "ChessBase"]
[SourceDate "2015.03.11"]
[SourceVersion "1"]
[SourceVersionDate "2015.03.11"]
[SourceQuality "1"]

1. e4 c5 2. c3 d5 3. exd5 Qxd5 4. d4 cxd4 5. cxd4 Nc6 6. Nf3 Bg4 7. Nc3 Bxf3 8. Nxd5 Bxd1 9. Nc7+ Kd7 10. Nxa8 Bh5 11. d5 Nd4 12. Be3 Nc2+ 13. Kd2 Nxe3 14. fxe3 Nf6 15. Rc1 Nxd5 16. Bc4 e6 17. Bxd5 exd5 18. Rc7+ Ke6 19. Rxb7 Bc5 20. Nc7+ Ke5 21. Rb5 Kd6 22. Rc1 Kxc7 23. Rcxc5+ 1-0

[Event "RN-2012-0-00539"]
[Site "LSS email"]
[Date "2012.10.01"]
[Round "?"]
[White "Rodrigues, Eduardo Hercos"]
[Black "Sas, Istvan"]
[Result "1-0"]
[WhiteElo "942"]
[BlackElo "695"]
[PlyCount "39"]
[EventDate "2012.09.21"]
[EventType "tourn (corr)"]
[EventRounds "6"]
[EventCountry "GER"]
[SourceTitle "Telechess CBM 165"]
[Source "ChessBase"]
[SourceDate "2015.03.11"]
[SourceVersion "1"]
[SourceVersionDate "2015.03.11"]
[SourceQuality "1"]

1. e4 e5 2. Nf3 d6 3. Nc3 Bg4 4. Be2 Bxf3 5. Bxf3 Nc6 6. d3 h6 7. Be3 Nf6 8. 0-0 Qe7 9. Re1 0-0-0 10. Ne2 h5 11. d4 exd4 12. Nxd4 Ne5 13. c3 h4 14. h3 Nc4 15. Qb3 Na5 16. Qa4 Nc6 17. Nxc6 bxc6 18. Qxc6 Qe6 19. Bxa7 Qd7 20. Qa6# 1-0

[Event "LSS No Engine Cup Gr14 prel 01 email"]
[Site "LSS email"]
[Date "2010.01.07"]
[Round "?"]
[White "Rodrigues, Eduardo Hercos"]
[Black "Kouvaras, Andreas"]
[Result "1-0"]
[WhiteElo "839"]
[BlackElo "800"]
[PlyCount "39"]
[EventDate "2010.01.08"]
[EventType "tourn (corr)"]
[EventRounds "6"]
[EventCountry "GER"]
[SourceTitle "Telechess CBM 137"]
[Source "ChessBase"]
[SourceDate "2010.07.15"]
[SourceVersion "1"]
[SourceVersionDate "2010.07.15"]
[SourceQuality "1"]

1. e4 c5 2. d4 cxd4 3. Nf3 e5 4. c3 dxc3 5. Nxc3 Nc6 6. Bc4 Bc5 7. Bxf7+ Kxf7 8. Qd5+ Ke8 9. Qxc5 Nge7 10. Bg5 b6 11. Qd6 h6 12. Bh4 Bb7 13. Nd5 g5 14. Nc7+ Kf8 15. Nxa8 gxh4 16. Nc7 a5 17. Nd5 b5 18. Qf6+ Kg8 19. Nxe5 Nxd5 20. Qf7# 1-0

[Event "LSS No Engine Cup 14 Preliminary 2"]
[Site "LSS email"]
[Date "2010.01.07"]
[Round "?"]
[White "Zhdanenia, Konstantin A"]
[Black "Rodrigues, Eduardo Hercos"]
[Result "0-1"]
[WhiteElo "1563"]
[BlackElo "909"]
[PlyCount "40"]
[EventDate "2010.01.08"]
[EventType "tourn (corr)"]
[EventRounds "6"]
[EventCountry "GER"]
[SourceTitle "Corr 2013"]
[Source "ChessBase"]
[SourceDate "2012.11.12"]
[SourceVersion "1"]
[SourceVersionDate "2012.11.12"]
[SourceQuality "1"]

1. d4 Nf6 2. Bg5 Ne4 3. Bf4 c5 4. f3 Qa5+ 5. c3 Nf6 6. d5 Qb6 7. e4 Qxb2 8. Nd2 Qxc3 9. Bc7 d6 10. Ne2 Qd3 11. Rb1 b6 12. Rb3 Qa6 13. Bxb8 Rxb8 14. Nd4 Qb7 15. Bb5+ Bd7 16. Bc6 Bxc6 17. Nxc6 Ra8 18. 0-0 g6 19. a4 Nd7 20. Qe2 Nb8 0-1

[Event "LSS RF-2009-0-00040"]
[Site "LSS email"]
[Date "2010.01.01"]
[Round "?"]
[White "Rodrigues, Eduardo Hercos"]
[Black "Miemelt, Bernd"]
[Result "1/2-1/2"]
[WhiteElo "854"]
[BlackElo "1170"]
[PlyCount "46"]
[EventDate "2009.09.17"]
[EventType "tourn (corr)"]
[EventRounds "6"]
[EventCountry "GER"]
[SourceTitle "Telechess CBM 137"]
[Source "ChessBase"]
[SourceDate "2010.07.15"]
[SourceVersion "1"]
[SourceVersionDate "2010.07.15"]
[SourceQuality "1"]

1. e4 c5 2. d4 cxd4 3. Nf3 Nc6 4. Nxd4 e5 5. Nb5 a6 6. Nd6+ Bxd6 7. Qxd6 Nge7 8. Nc3 Qb6 9. Bd3 Qd4 10. Qxd4 Nxd4 11. Ne2 Nec6 12. c3 Nxe2 13. Bxe2 0-0 14. Be3 d6 15. 0-0 f5 16. f3 fxe4 17. fxe4 Be6 18. a3 b5 19. Rxf8+ Rxf8 20. Rf1 Rxf1+ 21. Kxf1 d5 22. exd5 Bxd5 23. Kf2 Kf7 1/2-1/2

[Event "LSS RN-2009-0-00249"]
[Site "LSS email"]
[Date "2010.01.01"]
[Round "?"]
[White "Ruslin, Alexey"]
[Black "Rodrigues, Eduardo Hercos"]
[Result "1/2-1/2"]
[WhiteElo "891"]
[BlackElo "857"]
[PlyCount "37"]
[EventDate "2009.12.16"]
[EventType "tourn (corr)"]
[EventRounds "6"]
[EventCountry "GER"]
[SourceTitle "Telechess CBM 137"]
[Source "ChessBase"]
[SourceDate "2010.07.15"]
[SourceVersion "1"]
[SourceVersionDate "2010.07.15"]
[SourceQuality "1"]

1. d4 Nf6 2. Nf3 d5 3. e3 Bf5 4. b3 e6 5. a3 c5 6. Bb2 Nc6 7. Nbd2 Bd6 8. Be2 0-0 9. 0-0 cxd4 10. Nxd4 Nxd4 11. Bxd4 Qc7 12. f4 Ne4 13. c4 Nxd2 14. Qxd2 Be4 15. Bd3 Bxd3 16. Qxd3 dxc4 17. Qxc4 Qxc4 18. bxc4 Rfc8 19. Rfc1 1/2-1/2

[Event "LSS RN-2009-0-00249"]
[Site "LSS email"]
[Date "2010.01.01"]
[Round "?"]
[White "Zimmermann, Jan Erik"]
[Black "Rodrigues, Eduardo Hercos"]
[Result "1-0"]
[WhiteElo "970"]
[BlackElo "847"]
[PlyCount "49"]
[EventDate "2009.12.16"]
[EventType "tourn (corr)"]
[EventRounds "6"]
[EventCountry "GER"]
[SourceTitle "Telechess CBM 137"]
[Source "ChessBase"]
[SourceDate "2010.07.15"]
[SourceVersion "1"]
[SourceVersionDate "2010.07.15"]
[SourceQuality "1"]

1. e4 c5 2. c3 Nf6 3. e5 Nd5 4. d4 cxd4 5. cxd4 d6 6. Nf3 Nc6 7. Bc4 Nb6 8. Bb5 dxe5 9. Nxe5 Bd7 10. Nxd7 Qxd7 11. 0-0 e6 12. Qf3 Be7 13. Bxc6 Qxc6 14. Qxc6+ bxc6 15. Nc3 c5 16. Be3 cxd4 17. Bxd4 0-0 18. Bxb6 axb6 19. Ne4 Rfd8 20. b3 Rac8 21. Rac1 Ba3 22. Rcd1 h6 23. g3 Kf8 24. Rfe1 Rc2 25. Rxd8+ 1-0

[Event "LSS RN-2009-0-00249"]
[Site "LSS email"]
[Date "2009.12.30"]
[Round "?"]
[White "Rodrigues, Eduardo Hercos"]
[Black "Venturas, Bob"]
[Result "1-0"]
[WhiteElo "838"]
[BlackElo "2167"]
[PlyCount "53"]
[EventDate "2009.12.16"]
[EventType "tourn (corr)"]
[EventRounds "6"]
[EventCountry "GER"]
[SourceTitle "Telechess CBM 137"]
[Source "ChessBase"]
[SourceDate "2010.07.15"]
[SourceVersion "1"]
[SourceVersionDate "2010.07.15"]
[SourceQuality "1"]

1. e4 e5 2. d4 Nf6 3. dxe5 Ng8 4. Nf3 Nc6 5. Bc4 h6 6. 0-0 Bc5 7. Nc3 Nge7 8. Na4 Bb6 9. Nxb6 axb6 10. Be3 0-0 11. Qd2 Kh7 12. a3 Ng6 13. Rad1 Ncxe5 14. Nxe5 Nxe5 15. Bd3 d6 16. f4 Bg4 17. Rde1 Ng6 18. h3 Bd7 19. Rd1 Kg8 20. Rf3 Ra5 21. Rg3 d5 22. f5 Ne5 23. Bxh6 Qh4 24. Rxg7+ Kh8 25. Qg5 Qxg5 26. Rxg5 Kh7 27. Bxf8 1-0

[Event "LSS RN-2009-0-00248"]
[Site "LSS email"]
[Date "2009.12.27"]
[Round "?"]
[White "Trevis, Robert R"]
[Black "Rodrigues, Eduardo Hercos"]
[Result "1-0"]
[WhiteElo "917"]
[BlackElo "839"]
[PlyCount "61"]
[EventDate "2009.12.10"]
[EventType "tourn (corr)"]
[EventRounds "6"]
[EventCountry "GER"]
[SourceTitle "Telechess CBM 137"]
[Source "ChessBase"]
[SourceDate "2010.07.15"]
[SourceVersion "1"]
[SourceVersionDate "2010.07.15"]
[SourceQuality "1"]

1. e4 c5 2. c3 Nf6 3. e5 Nd5 4. d4 cxd4 5. cxd4 d6 6. Nf3 Nc6 7. Nc3 dxe5 8. dxe5 Nxc3 9. Qxd8+ Nxd8 10. bxc3 Bd7 11. Be3 g6 12. Bd3 Bg7 13. 0-0 0-0 14. Rab1 b6 15. Rfd1 Bc6 16. Be2 Ne6 17. Nd4 Nxd4 18. cxd4 Rac8 19. Ba6 Rb8 20. Rdc1 Bb7 21. Bb5 Rbc8 22. Bc4 e6 23. Bg5 h6 24. Be7 Rfe8 25. Bd6 Bf8 26. Bb5 Rxc1+ 27. Rxc1 Rc8 28. Rxc8 Bxc8 29. Bc6 f5 30. d5 Kf7 31. Bxf8 1-0

[Event "LSS RN-2009-0-00189"]
[Site "LSS email"]
[Date "2009.02.23"]
[Round "?"]
[White "Rodrigues, Eduardo Hercos"]
[Black "Lanier, Jeff"]
[Result "0-1"]
[WhiteElo "918"]
[BlackElo "820"]
[PlyCount "94"]
[EventDate "2009.02.16"]
[EventType "tourn (corr)"]
[EventRounds "6"]
[EventCountry "GER"]
[SourceTitle "Corr 2011"]
[Source "ChessBase"]
[SourceDate "2010.08.31"]
[SourceVersion "1"]
[SourceVersionDate "2010.08.31"]
[SourceQuality "1"]

1. e4 e5 2. d4 exd4 3. Nf3 Nc6 4. Nxd4 Nxd4 5. Qxd4 h6 6. Nc3 d6 7. Bf4 Qf6 8. Qxf6 Nxf6 9. 0-0-0 b6 10. Nd5 Nxd5 11. exd5 Bb7 12. Bb5+ Kd8 13. Rhe1 Be7 14. Re2 a6 15. Bc4 Re8 16. Rde1 Kd7 17. Bb3 b5 18. Bg3 Bg5+ 19. Kb1 Rxe2 20. Rxe2 Re8 21. Rxe8 Kxe8 22. c3 f5 23. f3 f4 24. Bf2 a5 25. a3 Bf6 26. Kc2 g5 27. Kd3 h5 28. Ke4 Bc8 29. h3 Be5 30. Bd4 Bxd4 31. Kxd4 g4 32. hxg4 hxg4 33. Bc2 gxf3 34. gxf3 Ke7 35. b4 axb4 36. axb4 Kf6 37. c4 bxc4 38. Kxc4 Bd7 39. b5 Bf5 40. Bd1 Bb1 41. b6 Ba2+ 42. Kb5 cxb6 43. Kxb6 Bxd5 44. Kb5 Ke5 45. Kb4 Kd4 46. Kb5 Ke3 47. Kb4 Bxf3 0-1

[Event "LSS RN-2009-0-00189"]
[Site "LSS email"]
[Date "2009.02.23"]
[Round "?"]
[White "Van Dosselaer, Mattias"]
[Black "Rodrigues, Eduardo Hercos"]
[Result "1-0"]
[WhiteElo "605"]
[BlackElo "777"]
[PlyCount "57"]
[EventDate "2009.02.16"]
[EventType "tourn (corr)"]
[EventRounds "6"]
[EventCountry "GER"]
[SourceTitle "Corr 2011"]
[Source "ChessBase"]
[SourceDate "2010.08.31"]
[SourceVersion "1"]
[SourceVersionDate "2010.08.31"]
[SourceQuality "1"]

1. e4 c5 2. Bc4 Nc6 3. Nf3 e6 4. d3 Nf6 5. Bg5 Be7 6. Nc3 d6 7. Bxf6 Bxf6 8. Bb5 0-0 9. Bxc6 bxc6 10. 0-0 Qc7 11. h3 d5 12. exd5 cxd5 13. d4 Qb6 14. dxc5 Qxb2 15. Ne2 Qb5 16. Rc1 Qxc5 17. c4 dxc4 18. Qa4 Bb7 19. Rxc4 Qh5 20. Ng3 Qg6 21. Nd4 Be5 22. Nde2 a5 23. Rd1 Bd5 24. Nf4 Bxf4 25. Rxf4 Rfc8 26. Rg4 Qc2 27. Qd4 g6 28. Nh5 Rc4 29. Qg7# 1-0

[Event "LSS RN-2009-0-00187"]
[Site "LSS email"]
[Date "2009.02.20"]
[Round "?"]
[White "Rodrigues, Eduardo Hercos"]
[Black "Bester, Kazimierz"]
[Result "0-1"]
[WhiteElo "918"]
[BlackElo "587"]
[PlyCount "114"]
[EventDate "2009.02.12"]
[EventType "tourn (corr)"]
[EventRounds "6"]
[EventCountry "GER"]
[SourceTitle "Corr 2011"]
[Source "ChessBase"]
[SourceDate "2010.08.31"]
[SourceVersion "1"]
[SourceVersionDate "2010.08.31"]
[SourceQuality "1"]

1. e4 c5 2. d4 cxd4 3. Nf3 Nc6 4. Nxd4 Nxd4 5. Qxd4 d6 6. Nc3 a6 7. Bc4 Nf6 8. Bg5 e5 9. Qd2 Be7 10. 0-0-0 0-0 11. h4 h6 12. Be3 Ng4 13. g3 h5 14. f3 Nxe3 15. Qxe3 b5 16. Bb3 Bd7 17. f4 Bg4 18. Rd2 Qe8 19. fxe5 dxe5 20. Nd5 Bd8 21. Rf1 a5 22. Nc3 a4 23. Bd5 Rb8 24. Nd1 b4 25. Nf2 Be6 26. Bxe6 Qxe6 27. Kb1 b3 28. cxb3 axb3 29. a3 Qc4 30. Rfd1 Bb6 31. Qd3 Qxd3+ 32. Nxd3 Bd4 33. Nc1 Rfc8 34. Rd3 Rc2 35. R1d2 Rbc8 36. Rxc2 bxc2+ 37. Ka2 Rc6 38. b4 Rc3 39. Rxc3 Bxc3 40. Kb3 Be1 41. Ne2 c1Q 42. Nxc1 Bxg3 43. b5 Bxh4 44. b6 Bd8 45. b7 Bc7 46. a4 Kf8 47. a5 Ke7 48. a6 Bb8 49. Kb4 Kd7 50. Kc5 Kc7 51. Nd3 Ba7+ 52. Kb5 f6 53. Ne1 g5 54. Nf3 h4 55. Kc4 h3 56. Kd5 g4 57. Nh2 g3 0-1

[Event "LSS RN-2009-0-00186"]
[Site "LSS email"]
[Date "2009.02.19"]
[Round "?"]
[White "Yangibayev, Rustam"]
[Black "Rodrigues, Eduardo Hercos"]
[Result "0-1"]
[WhiteElo "502"]
[BlackElo "918"]
[PlyCount "38"]
[EventDate "2009.02.10"]
[EventType "tourn (corr)"]
[EventRounds "6"]
[EventCountry "GER"]
[SourceTitle "Corr 2011"]
[Source "ChessBase"]
[SourceDate "2010.08.31"]
[SourceVersion "1"]
[SourceVersionDate "2010.08.31"]
[SourceQuality "1"]

1. d4 Nf6 2. c4 g6 3. Nf3 Bg7 4. Nc3 d5 5. e3 0-0 6. Bd3 c5 7. 0-0 cxd4 8. Nxd4 e5 9. Nc2 Be6 10. c5 Nc6 11. a3 d4 12. exd4 exd4 13. Ne2 Nd7 14. b4 Nde5 15. Bb5 a6 16. Ba4 d3 17. Ng3 dxc2 18. Qxc2 Nf3+ 19. gxf3 Bxa1 0-1

[Event "LSS RN-2009-0-00186"]
[Site "LSS email"]
[Date "2009.02.19"]
[Round "?"]
[White "Znak, Nicholas"]
[Black "Rodrigues, Eduardo Hercos"]
[Result "1/2-1/2"]
[WhiteElo "738"]
[BlackElo "918"]
[PlyCount "147"]
[EventDate "2009.02.10"]
[EventType "tourn (corr)"]
[EventRounds "6"]
[EventCountry "GER"]
[SourceTitle "Corr 2011"]
[Source "ChessBase"]
[SourceDate "2010.08.31"]
[SourceVersion "1"]
[SourceVersionDate "2010.08.31"]
[SourceQuality "1"]

1. e4 c5 2. Nf3 d6 3. d4 cxd4 4. Nxd4 Nf6 5. Nc3 g6 6. Be2 Bg7 7. Bf3 0-0 8. 0-0 Nc6 9. Be3 Nxd4 10. Bxd4 Be6 11. a3 a6 12. Ne2 Rc8 13. c3 b5 14. Qc2 Bc4 15. Rfe1 Qc7 16. Rac1 Nd7 17. Bxg7 Kxg7 18. Nd4 Ne5 19. Be2 Bxe2 20. Qxe2 Nc4 21. h3 Kg8 22. Rb1 Ne5 23. Kh2 Nc6 24. Nf3 Na5 25. Nd2 Nc4 26. Nf3 Qc5 27. Red1 Ne5 28. Nxe5 Qxe5+ 29. g3 Rfd8 30. Rd5 Qf6 31. Kg2 Rc5 32. Rbd1 Rxd5 33. exd5 Rc8 34. Rd4 Kg7 35. Qd3 Rc5 36. f3 Qe5 37. Qe4 Qxe4 38. fxe4 Kf8 39. Kf3 Ke8 40. Ke3 Kd7 41. Kf4 h6 42. Rd3 Rc8 43. Rd2 e5+ 44. Kf3 Ke7 45. Rc2 f5 46. b3 fxe4+ 47. Kxe4 Rf8 48. c4 bxc4 49. bxc4 Rf1 50. c5 Re1+ 51. Kf3 dxc5 52. Rxc5 e4+ 53. Kf2 Ra1 54. Ra5 Kd6 55. Ke2 g5 56. Ke3 Re1+ 57. Kd4 e3 58. Rxa6+ Ke7 59. Re6+ Kd7 60. Rxe3 Rd1+ 61. Ke5 Ke7 62. a4 Ra1 63. Re4 Ra3 64. d6+ Kd7 65. Rg4 Re3+ 66. Kd4 Re6 67. Kc5 Rxd6 68. h4 Rg6 69. a5 Kc7 70. h5 Rf6 71. Rb4 Rf5+ 72. Kd4 Rxa5 73. Ke4 Ra6 74. g4 1/2-1/2

[Event "LSS RN-2009-0-00186"]
[Site "LSS email"]
[Date "2009.02.18"]
[Round "?"]
[White "Rodrigues, Eduardo Hercos"]
[Black "Bester, Kazimierz"]
[Result "0-1"]
[WhiteElo "918"]
[BlackElo "587"]
[PlyCount "90"]
[EventDate "2009.02.10"]
[EventType "tourn (corr)"]
[EventRounds "6"]
[EventCountry "GER"]
[SourceTitle "Corr 2011"]
[Source "ChessBase"]
[SourceDate "2010.08.31"]
[SourceVersion "1"]
[SourceVersionDate "2010.08.31"]
[SourceQuality "1"]

1. e4 c5 2. d4 cxd4 3. Nf3 Nc6 4. Nxd4 Nxd4 5. Qxd4 e6 6. Nc3 Nf6 7. Bg5 Be7 8. 0-0-0 0-0 9. Bd3 h6 10. Bh4 d6 11. f3 e5 12. Qe3 Qa5 13. Kb1 Bd8 14. g4 Nxg4 15. fxg4 Bxh4 16. Rhg1 Bg5 17. Qf2 Bd8 18. h4 Bb6 19. Qg2 Bxg1 20. Rxg1 Be6 21. g5 h5 22. g6 Bg4 23. gxf7+ Rxf7 24. Bc4 b5 25. Bxf7+ Kxf7 26. Rf1+ Kg8 27. Qf2 Kh7 28. Qf7 Qd8 29. Nxb5 a6 30. Nc3 Qxh4 31. Nd5 Kh6 32. Ne7 Qg5 33. Nf5+ Bxf5 34. exf5 Qf6 35. Qxf6+ gxf6 36. Rg1 Rf8 37. Kc1 h4 38. Kd2 Kh5 39. Ke3 d5 40. c3 h3 41. Kf3 e4+ 42. Kg3 Rg8+ 43. Kh2 Rxg1 44. Kxg1 Kg4 45. Kh2 e3 0-1

[Event "LSS RN-2009-0-00185"]
[Site "LSS email"]
[Date "2009.02.17"]
[Round "?"]
[White "Meszaros, Attila Jr"]
[Black "Rodrigues, Eduardo Hercos"]
[Result "1/2-1/2"]
[WhiteElo "499"]
[BlackElo "777"]
[PlyCount "82"]
[EventDate "2009.02.09"]
[EventType "tourn (corr)"]
[EventRounds "6"]
[EventCountry "GER"]
[SourceTitle "Corr 2011"]
[Source "ChessBase"]
[SourceDate "2010.08.31"]
[SourceVersion "1"]
[SourceVersionDate "2010.08.31"]
[SourceQuality "1"]

1. e4 c5 2. g3 g6 3. Bg2 Bg7 4. Ne2 Nc6 5. 0-0 d6 6. Nbc3 Nf6 7. Nf4 0-0 8. Nfd5 Be6 9. d3 Rb8 10. Bg5 b5 11. Nxf6+ Bxf6 12. Bxf6 exf6 13. Nd5 Bxd5 14. exd5 Ne7 15. Qf3 f5 16. c4 bxc4 17. dxc4 Rxb2 18. Rfe1 Re8 19. Qd3 Nc8 20. Rxe8+ Qxe8 21. Qc3 Qe2 22. Qf3 Rxa2 23. Rxa2 Qxa2 24. Qe3 Nb6 25. Qe8+ Kg7 26. Qe7 Nxc4 27. h4 a5 28. Bf1 Qb1 29. Qg5 a4 30. h5 f6 31. h6+ Kf7 32. Qf4 Ne5 33. Qxa4 g5 34. Qa7+ Kg6 35. Qg7+ Kh5 36. Qxh7 Qd1 37. Qg7 Nf3+ 38. Kg2 Ne1+ 39. Kg1 Nf3+ 40. Kg2 Ne1+ 41. Kg1 Nf3+ 1/2-1/2

[Event "LSS RN-2009-0-00185"]
[Site "LSS email"]
[Date "2009.02.16"]
[Round "?"]
[White "Rodrigues, Eduardo Hercos"]
[Black "Lanier, Jeff"]
[Result "0-1"]
[WhiteElo "918"]
[BlackElo "820"]
[PlyCount "54"]
[EventDate "2009.02.09"]
[EventType "tourn (corr)"]
[EventRounds "6"]
[EventCountry "GER"]
[SourceTitle "Corr 2011"]
[Source "ChessBase"]
[SourceDate "2010.08.31"]
[SourceVersion "1"]
[SourceVersionDate "2010.08.31"]
[SourceQuality "1"]

1. e4 e5 2. d4 exd4 3. Nf3 Bc5 4. Nxd4 Qf6 5. Be3 d6 6. Bc4 Nd7 7. 0-0 Ne5 8. Be2 a6 9. Nc3 Ne7 10. Qd2 h6 11. Nb3 Bxe3 12. Qxe3 Be6 13. Nd4 Nc4 14. Bxc4 Bxc4 15. Rfe1 0-0 16. Rad1 c5 17. Nf3 Rad8 18. b3 Be6 19. Ne2 Qb2 20. Nf4 Qxa2 21. Nxe6 fxe6 22. Rd2 Qa5 23. Red1 Qc7 24. Ne1 d5 25. exd5 exd5 26. Nd3 b6 27. Nf4 Rxf4 0-1

[Event "LSS RN-2009-0-00180"]
[Site "LSS email"]
[Date "2009.02.09"]
[Round "?"]
[White "Kerecsenyi, Zoltan"]
[Black "Rodrigues, Eduardo Hercos"]
[Result "1-0"]
[WhiteElo "800"]
[BlackElo "777"]
[PlyCount "71"]
[EventDate "2009.01.29"]
[EventType "tourn (corr)"]
[EventRounds "6"]
[EventCountry "GER"]
[SourceTitle "Corr 2011"]
[Source "ChessBase"]
[SourceDate "2010.08.31"]
[SourceVersion "1"]
[SourceVersionDate "2010.08.31"]
[SourceQuality "1"]

1. e4 c5 2. Nf3 Nc6 3. Bb5 g6 4. 0-0 Bg7 5. c3 Nf6 6. Re1 0-0 7. d3 d6 8. h3 a6 9. Bxc6 bxc6 10. Nbd2 Be6 11. Ng5 Bd7 12. f4 h6 13. Ngf3 Qb6 14. Nc4 Qc7 15. Ne3 Rab8 16. Qa4 a5 17. Nc4 Ra8 18. Be3 Rfb8 19. Qc2 d5 20. Nce5 Be6 21. Bxc5 Kf8 22. Nd4 Bd7 23. Nxd7+ Nxd7 24. Bxe7+ Kxe7 25. Nxc6+ Kf8 26. Nxb8 Rxb8 27. e5 Qb6+ 28. d4 Qb5 29. b3 Qc6 30. f5 Rc8 31. Rac1 Nb6 32. Re3 a4 33. fxg6 fxg6 34. Rg3 g5 35. Qh7 axb3 36. Rf3+ 1-0

[Event "LSS RN-2009-0-00180"]
[Site "LSS email"]
[Date "2009.02.08"]
[Round "?"]
[White "Rodrigues, Eduardo Hercos"]
[Black "Bester, Kazimierz"]
[Result "0-1"]
[WhiteElo "918"]
[BlackElo "587"]
[PlyCount "96"]
[EventDate "2009.01.29"]
[EventType "tourn (corr)"]
[EventRounds "6"]
[EventCountry "GER"]
[SourceTitle "Corr 2011"]
[Source "ChessBase"]
[SourceDate "2010.08.31"]
[SourceVersion "1"]
[SourceVersionDate "2010.08.31"]
[SourceQuality "1"]

1. e4 c5 2. d4 cxd4 3. Nf3 Nc6 4. Nxd4 Nxd4 5. Qxd4 Qc7 6. Nc3 a6 7. Bc4 Nf6 8. e5 Ng8 9. Bf4 e6 10. Bb3 Bc5 11. Qd2 Ne7 12. Ne4 Ba7 13. Nd6+ Kf8 14. 0-0 h6 15. Rad1 g5 16. Be3 Rg8 17. Bxa7 Rxa7 18. h4 Ra8 19. hxg5 hxg5 20. Qe3 Qc6 21. Qh3 Rg7 22. Rd3 Ng6 23. Rg3 Nf4 24. Qh8+ Rg8 25. Qh6+ Ke7 26. Rxg5 Rg6 27. Rxg6 Nxg6 28. Qh7 Nxe5 29. Nxc8+ Rxc8 30. Qh4+ f6 31. Qh7+ Nf7 32. Re1 Rh8 33. Qg6 Rh6 34. Qg4 Qd6 35. Re3 Qh2+ 36. Kf1 Ne5 37. Qb4+ Kf7 38. Qxb7 Rg6 39. g3 Qh3+ 40. Ke1 Qh5 41. Rxe5 Qxe5+ 42. Kf1 Qb5+ 43. Qxb5 axb5 44. Ke2 d5 45. a4 bxa4 46. Bxa4 Rg4 47. Bc6 Rc4 48. Bb5 Rxc2+ 0-1

[Event "LSS RN-2009-0-00178"]
[Site "LSS email"]
[Date "2009.02.06"]
[Round "?"]
[White "Rodrigues, Eduardo Hercos"]
[Black "Gatto, Carolina"]
[Result "1-0"]
[WhiteElo "909"]
[BlackElo "922"]
[PlyCount "25"]
[EventDate "2009.01.18"]
[EventType "tourn (corr)"]
[EventRounds "6"]
[EventCountry "GER"]
[SourceTitle "Corr 2013"]
[Source "ChessBase"]
[SourceDate "2012.11.12"]
[SourceVersion "1"]
[SourceVersionDate "2012.11.12"]
[SourceQuality "1"]

1. e4 c5 2. d4 cxd4 3. Nf3 Nc6 4. Nxd4 Nf6 5. Nc3 a6 6. Nxc6 bxc6 7. Bg5 e5 8. Qf3 Be7 9. Bc4 0-0 10. 0-0 Rb8 11. b3 d6 12. Ne2 Bg4 13. Qe3 1-0

[Event "LSS RF-2008-0-00025"]
[Site "LSS email"]
[Date "2009.02.03"]
[Round "?"]
[White "Rodrigues, Eduardo Hercos"]
[Black "Lin, Yi Cheng"]
[Result "0-1"]
[WhiteElo "777"]
[BlackElo "1032"]
[PlyCount "96"]
[EventDate "2009.01.21"]
[EventType "tourn (corr)"]
[EventRounds "6"]
[EventCountry "GER"]
[SourceTitle "Corr 2011"]
[Source "ChessBase"]
[SourceDate "2010.08.31"]
[SourceVersion "1"]
[SourceVersionDate "2010.08.31"]
[SourceQuality "1"]

1. e4 d5 2. exd5 Qxd5 3. Nc3 Qd6 4. d4 Nf6 5. Nf3 a6 6. g3 e6 7. Bg2 Be7 8. 0-0 0-0 9. Bf4 Qd8 10. Re1 Bd6 11. Bxd6 cxd6 12. Qe2 d5 13. Rad1 Nc6 14. Ne5 Qb6 15. Nxc6 bxc6 16. b3 c5 17. dxc5 Qxc5 18. Na4 Qb5 19. Nc3 Qxe2 20. Nxe2 a5 21. Rc1 Bb7 22. c4 Rac8 23. cxd5 Bxd5 24. Bxd5 Nxd5 25. Rxc8 Rxc8 26. Rc1 Rxc1+ 27. Nxc1 Kf8 28. Kf1 Ke7 29. Nd3 Nc3 30. a3 Nb1 31. a4 Nd2+ 32. Ke2 Nxb3 33. f4 Nd4+ 34. Ke3 Nc6 35. Ke4 f6 36. g4 h6 37. h4 Kd6 38. g5 hxg5 39. hxg5 f5+ 40. Ke3 Kd5 41. Nb2 Nb4 42. Nd1 Kc5 43. Nb2 Nd5+ 44. Kf3 Nc3 45. Nd3+ Kd4 46. Nb2 Ne4 47. Ke2 Nc5 48. Kf3 Kc3 0-1

[Event "LSS RN-2009-0-00177"]
[Site "LSS email"]
[Date "2009.02.03"]
[Round "?"]
[White "Rodrigues, Eduardo Hercos"]
[Black "Znak, Nicholas"]
[Result "1-0"]
[WhiteElo "918"]
[BlackElo "738"]
[PlyCount "79"]
[EventDate "2009.01.13"]
[EventType "tourn (corr)"]
[EventRounds "6"]
[EventCountry "GER"]
[SourceTitle "Corr 2011"]
[Source "ChessBase"]
[SourceDate "2010.08.31"]
[SourceVersion "1"]
[SourceVersionDate "2010.08.31"]
[SourceQuality "1"]

1. e4 e5 2. d4 exd4 3. Nf3 c5 4. c3 d5 5. exd5 Qxd5 6. cxd4 Nc6 7. Bb5 Bd6 8. 0-0 Nge7 9. Nc3 Qh5 10. d5 a6 11. Ba4 b5 12. Nxb5 axb5 13. Bxb5 Bg4 14. h3 Bxf3 15. Qxf3 Qxf3 16. gxf3 0-0 17. dxc6 Rac8 18. Be3 Nxc6 19. Rac1 Ne5 20. f4 Nf3+ 21. Kg2 Nh4+ 22. Kh1 Nf5 23. Rc3 Nxe3 24. fxe3 Rb8 25. a4 g6 26. Rd1 Rfd8 27. Rcd3 Be7 28. Rxd8+ Rxd8 29. Rxd8+ Bxd8 30. Kg2 f6 31. Kf3 Kf8 32. Ke4 Ba5 33. f5 g5 34. Kd5 Bb4 35. Kc6 h5 36. Kb6 g4 37. hxg4 h4 38. a5 Bxa5+ 39. Kxa5 h3 40. Bc6 1-0